Spillover v agende základných práv EÚ: pôsobnosť, expanzívnosť a následky

Vývoj ľudsko-právnej agendy v Európskej únii , dynamika zmien v chápaní tejto agendy a prierezový charakter ľudských práv, ktoré sa prostredníctvom neofunkcionalistického spillovera a aktivizmu Súdneho dvora EÚ stávajú dôležitou súčasťou vývoja a uplatňovania jednotlivých politík Únie. Rozpínavosť ľ...

Full description

Saved in:
Bibliographic Details
Main Author: Hrivík, Pavol
Format: Book Chapter
Language:Slovak
Subjects:
Tags: Add Tag
No Tags, Be the first to tag this record!

MARC

LEADER 00000nla a2200000 4500
001 0198584
005 20240417075054.1
041 0 |a slo 
044 |a SK 
245 1 0 |a Spillover v agende základných práv EÚ: pôsobnosť, expanzívnosť a následky  |c Pavol Hrivík 
520 |a Vývoj ľudsko-právnej agendy v Európskej únii , dynamika zmien v chápaní tejto agendy a prierezový charakter ľudských práv, ktoré sa prostredníctvom neofunkcionalistického spillovera a aktivizmu Súdneho dvora EÚ stávajú dôležitou súčasťou vývoja a uplatňovania jednotlivých politík Únie. Rozpínavosť ľudsko-právnych rozpráv, vplyv politickej korektnosti na formovanie ľudsko-právnej agendy a jej postupné presúvanie z národno-štátnej úrovne na nadnárodnú európsku úroveň. 
610 2 0 |a Európska únia 
610 2 0 |a kompetencie 
610 2 0 |a spillover 
610 2 0 |a práva ľudské 
100 1 |a Hrivík, Pavol